[Event "World Rapid 2023"]
[Site "Samarkand UZB"]
[Date "2023.12.26"]
[EventDate "2023.12.26"]
[Round "1.27"]
[Result "1-0"]
[White "Aleksandr Shimanov"]
[Black "Artem Uskov"]
[WhiteElo "2616"]
[BlackElo "2396"]
[PlyCount "112"]

1. b3 d5 2. Bb2 c5 3. e3 a6 4. Nf3 Nc6 5. d4 Nf6 6. dxc5 e6 7. Nbd2 Bxc5 8.
a3 O-O 9. c4 dxc4 10. Bxc4 b5 11. Be2 Bb7 12. O-O Be7 13. Rc1 Rc8 14. Rc2
Qd5 15. Qb1 Rfd8 16. Rfc1 e5 17. b4 h6 18. Qa1 e4 19. Nd4 Nxd4 20. Bxd4 Qe6
21. Qb2 Bd5 22. h3 Rxc2 23. Rxc2 Rc8 24. Bd1 Rc6 25. Nb3 Ne8 26. Rd2 Qg6
27. Na5 Rc8 28. Bxg7 Be6 29. Be5 Bxh3 30. Bg3 Bf5 31. Nb3 h5 32. Nd4 Ng7
33. Rc2 Rd8 34. Be2 Bf6 35. Qb3 Bxd4 36. exd4 Ne6 37. Rc6 Qg7 38. Be5 Nxd4
39. Bxg7 Nxb3 40. Bf6 Ra8 41. Bxh5 a5 42. Rb6 axb4 43. axb4 Bd7 44. Rb7 Be6
45. Rxb5 Rc8 46. Rb7 Nd2 47. g4 Nf3+ 48. Kg2 Bd5 49. Rb5 Be6 50. Kg3 Kh7
51. Rb7 Nd2 52. g5 Kg8 53. g6 fxg6 54. Bxg6 Rc6 55. b5 Rd6 56. Rb8+ 1-0

[Event "World Rapid 2023"]
[Site "Samarkand UZB"]
[Date "2023.12.26"]
[EventDate "2023.12.26"]
[Round "1.28"]
[Result "0-1"]
[White "Savva Vetokhin"]
[Black "Xiangyu Xu"]
[WhiteElo "2358"]
[BlackElo "2598"]
[PlyCount "96"]

1. d4 Nf6 2. c4 e6 3. Nf3 b6 4. a3 Bb7 5. Nc3 d5 6. Bg5 Be7 7. e3 O-O 8.
Qc2 h6 9. Bxf6 Bxf6 10. cxd5 exd5 11. Bd3 Re8 12. h4 g6 13. O-O-O Nd7 14.
Kb1 Bg7 15. Nb5 a6 16. Qxc7 axb5 17. Qxb7 b4 18. axb4 Nf6 19. Rc1 Re7 20.
Qc6 Rea7 21. Qb5 Ng4 22. Kc2 Nxf2 23. Rhe1 Qd6 24. Kb3 Nxd3 25. Qxd3 Ra4
26. Rc3 Rxb4+ 27. Kc2 Qd7 28. Rb1 Qg4 29. Rg1 Rc4 30. Kb1 Rxc3 31. bxc3 Qd7
32. Ne1 Bf8 33. Nc2 Ba3 34. c4 Be7 35. Qb3 dxc4 36. Qxc4 Bxh4 37. Rf1 Bg5
38. e4 Ra5 39. Rf3 Kg7 40. Rb3 Qg4 41. Rf3 Ra7 42. Qe2 Qe6 43. Nb4 Ra4 44.
Qb5 Qxe4+ 45. Nd3 Qxd4 46. Kc2 Bf6 47. Qb3 Rc4+ 48. Kb1 Qa1# 0-1

[Event "World Rapid 2023"]
[Site "Samarkand UZB"]
[Date "2023.12.26"]
[EventDate "2023.12.26"]
[Round "1.29"]
[Result "1-0"]
[White "Shant Sargsyan"]
[Black "Cem Kaan Gokerkan"]
[WhiteElo "2561"]
[BlackElo "2365"]
[PlyCount "128"]

1. d4 Nf6 2. c4 e6 3. Nf3 d5 4. Nc3 Be7 5. Bf4 O-O 6. e3 b6 7. Bd3 dxc4 8.
Bxc4 Ba6 9. Be2 Bb7 10. O-O Nbd7 11. Qc2 Bd6 12. Bg5 h6 13. Bh4 Be7 14.
Rfd1 Nh5 15. Bxe7 Qxe7 16. d5 exd5 17. Nxd5 Bxd5 18. Rxd5 Nhf6 19. Rdd1 c5
20. Qf5 Rad8 21. Bb5 Nb8 22. a4 Qe4 23. Qxe4 Nxe4 24. Ne5 Nd6 25. Kf1 g6
26. Rd5 Nxb5 27. Rxd8 Rxd8 28. axb5 Re8 29. f4 Re7 30. Kf2 Kg7 31. Kf3 Kf8
32. Rd1 Ke8 33. Ng4 Rb7 34. Nxh6 a6 35. bxa6 Nxa6 36. Ng4 Nb4 37. Nf6+ Kf8
38. Rd7 Rb8 39. g4 Kg7 40. Ne4 Kg8 41. Nd6 Rf8 42. Rb7 Nd3 43. Rxb6 Rd8 44.
Nc4 Ne1+ 45. Ke2 Nc2 46. Rc6 Kg7 47. h4 Rh8 48. Kd2 Nb4 49. Rxc5 Rxh4 50.
Kc3 Na2+ 51. Kb3 Nc1+ 52. Kc2 Na2 53. g5 Rh2+ 54. Kb3 Nc1+ 55. Kc3 Ne2+ 56.
Kb4 Nc1 57. Rd5 Rh8 58. Ne5 Rh2 59. Rd7 Rxb2+ 60. Kc3 Re2 61. Rxf7+ Kg8 62.
Rf6 Na2+ 63. Kd3 Nc1+ 64. Ke4 1-0

[Event "World Rapid 2023"]
[Site "Samarkand UZB"]
[Date "2023.12.26"]
[EventDate "2023.12.26"]
[Round "1.30"]
[Result "0-1"]
[White "Maksim Tsaruk"]
[Black "Henriquez Villagra, Cristobal"]
[WhiteElo "2334"]
[BlackElo "2590"]
[PlyCount "104"]

1. e4 c6 2. d4 d5 3. e5 c5 4. Nf3 cxd4 5. Nxd4 Nc6 6. Nxc6 bxc6 7. Bd3 e6
8. O-O a5 9. Qe2 Ne7 10. Nd2 Nf5 11. Nf3 Be7 12. g4 Nh4 13. Nxh4 Bxh4 14.
f4 Be7 15. f5 Bg5 16. f6 gxf6 17. Bxg5 fxg5 18. Qe3 Rb8 19. Rf2 Rxb2 20.
Raf1 Rf8 21. Bxh7 Ba6 22. Bd3 Bxd3 23. cxd3 Qb6 24. d4 Rxf2 25. Rxf2 Rh8
26. Kg2 Qb1 27. Qf3 Qg6 28. Rb2 Kf8 29. Rb8+ Kg7 30. Rxh8 Kxh8 31. Kg3 Kg7
32. Qe3 f5 33. exf6+ Qxf6 34. a4 Kf7 35. Qd2 e5 36. Qxa5 Qf4+ 37. Kg2 Qxg4+
38. Kf1 Qf4+ 39. Kg2 exd4 40. Qa7+ Ke6 41. Qa8 d3 42. Qxc6+ Ke5 43. Qc3+
Ke4 44. Qb4+ d4 45. Qe7+ Kd5 46. Qb7+ Kc4 47. Qc6+ Kb3 48. Qb5+ Kc2 49.
Qc4+ Kd2 50. Qa2+ Ke1 51. Qe6+ Qe3 52. Qc4 Qf2+ 0-1

[Event "World Rapid 2023"]
[Site "Samarkand UZB"]
[Date "2023.12.26"]
[EventDate "2023.12.26"]
[Round "1.31"]
[Result "1-0"]
[White "Robert Hovhannisyan"]
[Black "Mohamed Tissir"]
[WhiteElo "2630"]
[BlackElo "2358"]
[PlyCount "114"]

1. e4 c5 2. Nf3 e6 3. c3 d5 4. exd5 exd5 5. d4 Nf6 6. Bd3 Nc6 7. O-O c4 8.
Bc2 Be7 9. h3 h6 10. Re1 Be6 11. Bf4 O-O 12. Nbd2 Qc8 13. Re3 Bf5 14. Ne5
Re8 15. Ba4 a6 16. Nxc6 bxc6 17. Qe1 Bf8 18. Rxe8 Nxe8 19. b3 Ba3 20. Qe3
cxb3 21. axb3 Bf8 22. Nf3 f6 23. g4 Bd7 24. Bg3 Nd6 25. Nd2 a5 26. c4 Nf7
27. Rc1 Be6 28. Re1 Bd7 29. Nb1 Ng5 30. Kh2 h5 31. cxd5 cxd5 32. Rc1 Qd8
33. Bc7 Bd6+ 34. Bxd6 Bxa4 35. Bc7 Qd7 36. bxa4 hxg4 37. Bg3 Re8 38. Rc7
Qxa4 39. Nc3 Rxe3 40. Nxa4 Re4 41. hxg4 Rxg4 42. Rc5 Rxd4 43. Rxa5 Rd1 44.
Nc3 Rd2 45. Nxd5 Ne4 46. Kg2 Nxg3 47. Kxg3 Kf7 48. Ra7+ Kg6 49. Ne7+ Kg5
50. Ra5+ Kh6 51. Nf5+ Kg6 52. f3 Rd7 53. Kf4 Kf7 54. Ra6 g6 55. Nd6+ Ke7
56. Ne4 g5+ 57. Kg3 1-0

[Event "World Rapid 2023"]
[Site "Samarkand UZB"]
[Date "2023.12.26"]
[EventDate "2023.12.26"]
[Round "1.32"]
[Result "0-1"]
[White "Gianmarco Leiva"]
[Black "Timur Gareyev"]
[WhiteElo "2351"]
[BlackElo "2617"]
[PlyCount "72"]

1. d4 d6 2. Nf3 Nf6 3. c4 g6 4. g3 Bg7 5. Bg2 O-O 6. O-O Bf5 7. Nc3 Ne4 8.
Qb3 Nxc3 9. bxc3 Be4 10. Bh3 b6 11. Nd2 Bb7 12. a4 e5 13. Bb2 Nc6 14. a5
Rb8 15. a6 Bc8 16. Bxc8 Qxc8 17. e3 h5 18. Qa4 Ne7 19. Qd1 f5 20. dxe5 Bxe5
21. Nf3 Qe6 22. Qd3 c5 23. Ng5 Qd7 24. Rfd1 Rbd8 25. Bc1 Kg7 26. Ra2 Nc6
27. Qd5 Rfe8 28. Rc2 Bf6 29. Nh3 g5 30. Rcd2 Na5 31. Rd3 Qe6 32. f4 g4 33.
Nf2 Nxc4 34. e4 fxe4 35. Qxe6 Rxe6 36. Rd5 e3 0-1

[Event "World Rapid 2023"]
[Site "Samarkand UZB"]
[Date "2023.12.26"]
[EventDate "2023.12.26"]
[Round "1.33"]
[Result "1-0"]
[White "Maksim Chigaev"]
[Black "Munkhdalai Amilal"]
[WhiteElo "2548"]
[BlackElo "2225"]
[PlyCount "112"]

1. Nf3 Nf6 2. c4 e6 3. g3 b6 4. Bg2 Bb7 5. d4 Bb4+ 6. Nbd2 O-O 7. O-O Bxd2
8. Qxd2 d6 9. b3 Nbd7 10. Bb2 Qe7 11. d5 e5 12. Nh4 Rae8 13. Nf5 Qd8 14.
Qg5 g6 15. f4 Nh5 16. Qxd8 Rxd8 17. Ne7+ Kg7 18. Nc6 Rde8 19. Nxa7 Kg8 20.
fxe5 Nxe5 21. Nb5 Re7 22. e4 Ng7 23. a4 Ba6 24. Nd4 Nd3 25. Bc3 Nc5 26. a5
bxa5 27. Rxa5 Bc8 28. Ra7 Nxe4 29. Nc6 Ree8 30. Bxe4 Rxe4 31. Rxc7 Bh3 32.
Re1 Rxe1+ 33. Bxe1 Nf5 34. Bc3 Re8 35. Rb7 Bg4 36. Nd4 Ne3 37. Bd2 h5 38.
Rb6 Re4 39. Bxe3 Rxe3 40. Rxd6 Rd3 41. Nc6 Rd2 42. h4 Bh3 43. b4 Rg2+ 44.
Kh1 Rxg3 45. Kh2 Rc3 46. b5 Kg7 47. b6 Bc8 48. Rd8 Ba6 49. Ra8 Bb7 50. Ra7
Bc8 51. b7 Bxb7 52. Rxb7 Rxc4 53. Rxf7+ Kg8 54. Rb7 Rxh4+ 55. Kg3 Rg4+ 56.
Kf3 1-0

[Event "World Rapid 2023"]
[Site "Samarkand UZB"]
[Date "2023.12.26"]
[EventDate "2023.12.26"]
[Round "1.34"]
[Result "0-1"]
[White "Bobir Sattarov"]
[Black "S L Narayanan"]
[WhiteElo "2333"]
[BlackElo "2586"]
[PlyCount "78"]

1. e4 c5 2. Nf3 d6 3. d4 cxd4 4. Nxd4 Nf6 5. f3 e5 6. Nb3 Be7 7. c4 Nc6 8.
Nc3 a5 9. Be3 O-O 10. Be2 Be6 11. O-O Nh5 12. Nd5 a4 13. Nd2 Kh8 14. Nb1
Nf4 15. Nbc3 Bg5 16. Bb6 Qd7 17. Re1 a3 18. b3 Bxd5 19. Nxd5 Nxd5 20. Qxd5
Nb4 21. Qd1 Qe6 22. Bf2 Qh6 23. Bf1 Bd2 24. Re2 Bc3 25. Rb1 Bb2 26. Rexb2
axb2 27. a4 f5 28. exf5 d5 29. Qe1 Nc2 30. Qc3 Nd4 31. Rxb2 dxc4 32. bxc4
Qc6 33. a5 Rxf5 34. Bd3 Rf7 35. Rb1 Rd8 36. Re1 Nxf3+ 37. gxf3 Qxf3 38. Qb2
Qxd3 39. Bg3 0-1

[Event "World Rapid 2023"]
[Site "Samarkand UZB"]
[Date "2023.12.26"]
[EventDate "2023.12.26"]
[Round "1.35"]
[Result "0-1"]
[White "Alexandr Predke"]
[Black "Abdimalik Abdisalimov"]
[WhiteElo "2584"]
[BlackElo "2330"]
[PlyCount "134"]

1. d4 Nf6 2. Nf3 e6 3. Bf4 d5 4. e3 c5 5. Nbd2 Nc6 6. Bb5 Bd7 7. O-O Rc8 8.
c3 Be7 9. h3 O-O 10. a4 Qb6 11. Qb1 Rfd8 12. Re1 h6 13. Nb3 cxd4 14. exd4
a6 15. Bxc6 bxc6 16. Nfd2 Ne4 17. a5 Qb5 18. Nxe4 Qxb3 19. Nc5 Bxc5 20.
dxc5 Qc4 21. Bd6 f6 22. Qc2 Qh4 23. Ra4 Qh5 24. Qd3 Ra8 25. Rb4 e5 26. Re3
Bf5 27. Qd2 Qg5 28. Qe1 Qg6 29. Rb6 Qe8 30. Qe2 Bc8 31. Kh2 Ra7 32. Qc2 Rf7
33. Qa4 Bb7 34. Qb4 Rdd7 35. f4 e4 36. f5 Qc8 37. g4 Kh7 38. Bf4 Qd8 39.
Qd4 Qe8 40. Kg3 Rde7 41. Kf2 Bc8 42. Ke1 Rb7 43. Kd2 Rf8 44. Kc2 Qd7 45.
Qa4 Rxb6 46. axb6 Re8 47. Kb3 a5 48. Bd6 Ba6 49. Qxa5 Ra8 50. Qb4 Qb7 51.
Kc2 Bd3+ 52. Kd2 Ra1 53. Re1 Ra2 54. Ke3 Bb5 55. h4 Qf7 56. Kf4 Ra4 57. Qb3
e3+ 58. Kf3 Re4 59. Rxe3 Rxe3+ 60. Kxe3 d4+ 61. Kxd4 Qxb3 62. b7 Qc4+ 63.
Ke3 Qe2+ 64. Kf4 Bd3 65. Kg3 Qe1+ 66. Kf3 Qf1+ 67. Kg3 Be4 0-1

[Event "World Rapid 2023"]
[Site "Samarkand UZB"]
[Date "2023.12.26"]
[EventDate "2023.12.26"]
[Round "1.36"]
[Result "1-0"]
[White "Jakub Seemann"]
[Black "Raunak Sadhwani"]
[WhiteElo "2330"]
[BlackElo "2532"]
[PlyCount "62"]

1. e4 c5 2. Nf3 e6 3. d4 cxd4 4. Nxd4 Nc6 5. Nc3 Qc7 6. a3 a6 7. Be3 d6 8.
f4 b5 9. Nxc6 Qxc6 10. Qf3 Nf6 11. O-O-O Rb8 12. g4 a5 13. g5 Nd7 14. Ne2
Bb7 15. Nd4 Qxe4 16. Qxe4 Bxe4 17. Rg1 b4 18. a4 Be7 19. Bb5 Rc8 20. Rd2
Rc7 21. Nb3 O-O 22. Bxd7 Rxd7 23. Nc5 Bc6 24. Nxd7 Bxd7 25. Bc5 Rc8 26.
Bxd6 Bxd6 27. Rxd6 Bxa4 28. Rg2 g6 29. Rgd2 Rc5 30. Rd8+ Kg7 31. Ra8 1-0

[Event "World Rapid 2023"]
[Site "Samarkand UZB"]
[Date "2023.12.26"]
[EventDate "2023.12.26"]
[Round "1.37"]
[Result "0-1"]
[White "David Paravyan"]
[Black "Aldiyar Ansat"]
[WhiteElo "2609"]
[BlackElo "2291"]
[PlyCount "94"]

1. e4 c5 2. Nf3 Nc6 3. d4 cxd4 4. Nxd4 Nf6 5. Nc3 e5 6. Ndb5 d6 7. Bg5 a6
8. Na3 b5 9. Nd5 Be7 10. Bxf6 Bxf6 11. c3 Bg5 12. Nc2 Rb8 13. a3 O-O 14. h4
Bh6 15. g4 Bf4 16. Qf3 Be6 17. Rd1 Bxd5 18. Rxd5 Ne7 19. Rd1 a5 20. Be2 Rb6
21. Kf1 d5 22. exd5 f5 23. g5 Ng6 24. Qh3 e4 25. Nd4 Qxd5 26. h5 Ne7 27. g6
Qe5 28. Qh4 h6 29. Nc2 Bg5 30. Qh3 f4 31. Bg4 e3 32. Qf3 Qf6 33. Kg2 Nc6
34. Qd5+ Kh8 35. fxe3 Ne5 36. Kh3 Nxg4 37. Kxg4 Rd6 38. Qe4 Re6 39. Qd3 Re5
40. Rhf1 Qe6+ 41. Kf3 fxe3+ 42. Kg3 Bh4+ 43. Kh2 Bg3+ 44. Kg2 Bf2 45. Qd7
Rg5+ 46. Kh2 Rxh5+ 47. Kg2 Qxg6+ 0-1

[Event "World Rapid 2023"]
[Site "Samarkand UZB"]
[Date "2023.12.26"]
[EventDate "2023.12.26"]
[Round "1.38"]
[Result "1-0"]
[White "Haowen Xue"]
[Black "Vasquez Schroeder, Rodrigo"]
[WhiteElo "2320"]
[BlackElo "2582"]
[PlyCount "162"]

1. d4 Nf6 2. Nf3 e6 3. g3 b6 4. Bg2 Bb7 5. c4 Bb4+ 6. Bd2 c5 7. Bxb4 cxb4
8. a3 bxa3 9. Nxa3 a5 10. O-O O-O 11. d5 exd5 12. Nd4 Na6 13. Nf5 Nb4 14.
Qd4 Nc6 15. Qe3 dxc4 16. Nxc4 g6 17. Nfd6 Ba6 18. Nxb6 Rb8 19. Nbc4 Bxc4
20. Nxc4 d5 21. Rfd1 Qc7 22. Qc3 Qe7 23. Bxd5 Nxd5 24. Rxd5 Qxe2 25. Re1
Qg4 26. h3 Qxh3 27. Nd6 Nb4 28. Rxa5 Rb6 29. Ne8 Qh6 30. Nf6+ Rxf6 31. Qxf6
Qd2 32. Qc3 Qd6 33. Rb5 Na6 34. Rbe5 Nc7 35. Qc5 Qd8 36. Qb6 Qb8 37. Qxb8
Rxb8 38. R5e2 Ne6 39. Rd2 Rb4 40. Re3 h5 41. b3 h4 42. gxh4 Rxh4 43. Rb2
Rb4 44. Rc2 Kg7 45. Rc4 Rb5 46. b4 g5 47. Kf1 Kg6 48. Ke2 Kf6 49. Ra3 Re5+
50. Re3 Rb5 51. Rf3+ Ke7 52. Ra3 Re5+ 53. Kd2 Rf5 54. f3 Rd5+ 55. Ke3 Re5+
56. Re4 Rd5 57. Rb3 Rb5 58. Rc3 Kd6 59. Rd3+ Ke7 60. Rc3 Kd6 61. Rec4 Re5+
62. Kd2 Rf5 63. Rd3+ Ke7 64. Re4 Kf6 65. Rb3 Rd5+ 66. Kc3 Rf5 67. Kc4 Ke7
68. Rd3 Kf6 69. b5 Rc5+ 70. Kb4 Rc1 71. Rc4 Rb1+ 72. Rb3 Rd1 73. b6 Rd7 74.
Ka5 Nd8 75. Ka6 Kg6 76. Rc8 f5 77. b7 Nxb7 78. Rxb7 Rxb7 79. Kxb7 g4 80. f4
Kh5 81. Rh8+ 1-0

[Event "World Rapid 2023"]
[Site "Samarkand UZB"]
[Date "2023.12.26"]
[EventDate "2023.12.26"]
[Round "1.39"]
[Result "1-0"]
[White "Pavel Ponkratov"]
[Black "Saidakbar Saydaliev"]
[WhiteElo "2569"]
[BlackElo "2316"]
[PlyCount "126"]

1. d4 Nf6 2. c4 e6 3. Nc3 Bb4 4. Qc2 O-O 5. a3 Bxc3+ 6. Qxc3 b6 7. Bg5 Bb7
8. Rd1 h6 9. Bf4 d6 10. f3 Nbd7 11. Nh3 Qe7 12. Bc1 c5 13. e4 d5 14. e5 Nh7
15. Be2 Rac8 16. O-O dxc4 17. Qxc4 Rfd8 18. f4 cxd4 19. Qxd4 Nc5 20. Qe3
Nf8 21. Rxd8 Qxd8 22. Rd1 Qc7 23. Bd2 Bd5 24. b4 Ne4 25. Ba6 Rd8 26. Rc1
Qd7 27. Be1 Ng6 28. Bd3 Qb7 29. Qe2 Ne7 30. Bh4 g5 31. fxg5 Ng6 32. Qh5 Rc8
33. Re1 Nxe5 34. Bf1 Ng6 35. gxh6 b5 36. Bd3 Qb6+ 37. Bf2 Nxf2 38. Nxf2 Kh7
39. Qe5 Kxh6 40. Qf6 e5 41. Qxb6 axb6 42. Ng4+ Kg7 43. Nxe5 Rc3 44. Nxg6
fxg6 45. Bxb5 Rxa3 46. Rd1 Be4 47. Rd4 Ra1+ 48. Bf1 Bc6 49. Kf2 Ra2+ 50.
Kg3 Ra3+ 51. Rd3 Ra1 52. Rd6 Be8 53. Bd3 Ra3 54. Kf4 Rb3 55. Rd4 Rb2 56.
Be4 Kf8 57. h4 Ke7 58. Kg5 Ke6 59. Bf3 Bf7 60. Re4+ Kd6 61. Kf6 Ba2 62.
Rd4+ Kc7 63. Kxg6 1-0

[Event "World Rapid 2023"]
[Site "Samarkand UZB"]
[Date "2023.12.26"]
[EventDate "2023.12.26"]
[Round "1.40"]
[Result "0-1"]
[White "Ediz Gurel"]
[Black "Evgeniy Najer"]
[WhiteElo "2345"]
[BlackElo "2590"]
[PlyCount "110"]

1. e4 e6 2. d4 d5 3. Nd2 c5 4. Ngf3 cxd4 5. exd5 Qxd5 6. Bc4 Qd7 7. O-O Nc6
8. Bb5 Nf6 9. Ne5 Qd5 10. Qe2 Be7 11. Ndf3 O-O 12. Nxc6 bxc6 13. Bc4 Qd6
14. Rd1 c5 15. c3 Bb7 16. cxd4 Bxf3 17. Qxf3 cxd4 18. Bf4 e5 19. Bg3 Rac8
20. Rac1 Rc7 21. Rc2 g6 22. Rdc1 Kg7 23. Qe2 Nd7 24. Bb5 Rxc2 25. Rxc2 Rd8
26. Bxd7 Qxd7 27. Qxe5+ Bf6 28. Qe1 d3 29. Rd2 Qd5 30. h3 Qxa2 31. Be5 Qe6
32. Bxf6+ Qxf6 33. Qe3 Qd4 34. Qxd4+ Rxd4 35. f4 Kf6 36. Kf2 Rxf4+ 37. Ke3
Rb4 38. Kxd3 Kg5 39. Ke3 f5 40. Kf2 h5 41. Kg3 h4+ 42. Kh2 a5 43. Rd5 a4
44. Ra5 Kf4 45. Kg1 Ke3 46. Ra6 Kd2 47. Rxg6 Rxb2 48. Ra6 Rb4 49. Kf2 Kc2
50. g3 hxg3+ 51. Kxg3 Kb2 52. Ra5 a3 53. Rxf5 a2 54. Rf2+ Ka3 55. Rxa2+
Kxa2 0-1

[Event "World Rapid 2023"]
[Site "Samarkand UZB"]
[Date "2023.12.26"]
[EventDate "2023.12.26"]
[Round "1.41"]
[Result "1-0"]
[White "Deshun Xiu"]
[Black "Jamshid Mustafaev"]
[WhiteElo "2579"]
[BlackElo "2313"]
[PlyCount "62"]

1. Nf3 Nf6 2. c4 g6 3. Nc3 Bg7 4. e4 d6 5. d4 O-O 6. Bd3 Bg4 7. Be2 Bxf3 8.
Bxf3 e5 9. d5 a5 10. Be3 Na6 11. g4 Nd7 12. h4 f5 13. gxf5 gxf5 14. exf5
Nac5 15. Be4 Nf6 16. Bc2 e4 17. Rg1 Kh8 18. h5 Rf7 19. h6 Bf8 20. Qd4 Qe7
21. O-O-O Qe5 22. Rg3 Qxd4 23. Rxd4 Re8 24. a3 Ng8 25. b4 axb4 26. axb4 Nd7
27. Rxe4 Rxe4 28. Nxe4 Nxh6 29. Ng5 Re7 30. Ne6 Ng8 31. Bd4+ 1-0

[Event "World Rapid 2023"]
[Site "Samarkand UZB"]
[Date "2023.12.26"]
[EventDate "2023.12.26"]
[Round "1.42"]
[Result "0-1"]
[White "Emin Ohanyan"]
[Black "M Amin Tabatabaei"]
[WhiteElo "2302"]
[BlackElo "2576"]
[PlyCount "80"]

1. d4 d5 2. c4 c6 3. Nf3 Nf6 4. Nc3 e6 5. Bg5 h6 6. Bxf6 Qxf6 7. e3 g6 8.
Be2 Bg7 9. O-O O-O 10. e4 dxe4 11. Nxe4 Qf4 12. Qc2 c5 13. Nxc5 Nc6 14. Nb3
a5 15. a4 b6 16. Rad1 Bb7 17. c5 Rac8 18. Qd2 Qc7 19. cxb6 Qxb6 20. Nc5
Nxd4 21. Nxb7 Rc2 22. Qxd4 Bxd4 23. Nxd4 Rxe2 24. Nxe2 Qxb7 25. Rd2 Rc8 26.
Nc3 Qb4 27. g3 Kg7 28. Re1 Rc5 29. Re4 Qb7 30. Re3 h5 31. h4 g5 32. hxg5
Rxg5 33. Re4 Rc5 34. Rde2 Kg6 35. Kh2 Rf5 36. Rd4 Qf3 37. Red2 h4 38. gxh4
Rf4 39. Nb5 e5 40. Rd6+ f6 0-1

[Event "World Rapid 2023"]
[Site "Samarkand UZB"]
[Date "2023.12.26"]
[EventDate "2023.12.26"]
[Round "1.43"]
[Result "1/2-1/2"]
[White "Alan Pichot"]
[Black "Benjamin Haldorsen"]
[WhiteElo "2575"]
[BlackElo "2349"]
[PlyCount "82"]

1. e4 c5 2. Nf3 e6 3. d4 cxd4 4. Nxd4 Nc6 5. Nc3 Qc7 6. Be3 a6 7. Bd3 b5 8.
Nxc6 Qxc6 9. Qf3 Bb7 10. Qg3 h5 11. h4 Nf6 12. f3 Rc8 13. O-O-O d6 14. Ne2
Be7 15. Nd4 Qc7 16. Kb1 g6 17. Bg5 e5 18. Nb3 O-O 19. Rhe1 a5 20. a3 b4 21.
axb4 axb4 22. Qf2 d5 23. exd5 Bxd5 24. Qe2 e4 25. Bxe4 Bxb3 26. cxb3 Nxe4
27. Bxe7 Qxe7 28. Qxe4 Qc5 29. Rc1 Qf2 30. Qxb4 Qxg2 31. Qe4 Rxc1+ 32. Rxc1
Rb8 33. Qf4 Rd8 34. b4 Qe2 35. Qe4 Qb5 36. Rc5 Qa4 37. Rc1 Qb3 38. Qc4 Qxf3
39. b5 Qf5+ 40. Ka2 Rb8 41. Rf1 Qe6 1/2-1/2

[Event "World Rapid 2023"]
[Site "Samarkand UZB"]
[Date "2023.12.26"]
[EventDate "2023.12.26"]
[Round "1.44"]
[Result "0-1"]
[White "Mukhammadzokhid Suyarov"]
[Black "Chithambaram Vr Aravindh"]
[WhiteElo "2089"]
[BlackElo "2576"]
[PlyCount "24"]

1. e4 g6 2. d4 Bg7 3. Nc3 d6 4. f4 Nf6 5. Bd3 O-O 6. Nf3 Nc6 7. e5 dxe5 8.
dxe5 Nd5 9. O-O f6 10. Nxd5 Qxd5 11. c4 Qf7 12. Qe1 Be6 0-1

[Event "World Rapid 2023"]
[Site "Samarkand UZB"]
[Date "2023.12.26"]
[EventDate "2023.12.26"]
[Round "1.45"]
[Result "0-1"]
[White "Sanan Sjugirov"]
[Black "Arystan Isanzhulov"]
[WhiteElo "2584"]
[BlackElo "2299"]
[PlyCount "94"]

1. e4 c5 2. Nf3 Nc6 3. Bb5 g6 4. O-O Bg7 5. Re1 Nf6 6. Bxc6 dxc6 7. d3 Nd7
8. e5 Nf8 9. b3 Bg4 10. Bb2 Bxf3 11. Qxf3 Ne6 12. Nd2 Qd5 13. Qg3 h5 14.
Re4 h4 15. Qg4 h3 16. g3 O-O-O 17. f4 Kb8 18. Qe2 f5 19. exf6 Bxf6 20. Bxf6
exf6 21. Nf3 Nc7 22. Re1 b6 23. a4 Rh7 24. Qf2 Kb7 25. a5 Qd6 26. axb6 axb6
27. Nd2 Qd5 28. Nc4 Rhh8 29. Ne3 Qd7 30. f5 gxf5 31. Qxf5 Qxf5 32. Nxf5 Nd5
33. Kf2 Rh7 34. g4 b5 35. Kg3 Kb6 36. Re6 Ra7 37. Ne3 Ra2 38. Nxd5+ Rxd5
39. R1e2 f5 40. g5 Rd4 41. Kxh3 c4 42. dxc4 bxc4 43. g6 Rg4 44. Rg2 cxb3
45. Re3 bxc2 46. Rb3+ Kc7 47. Rc3 Rxg2 0-1

[Event "World Rapid 2023"]
[Site "Samarkand UZB"]
[Date "2023.12.26"]
[EventDate "2023.12.26"]
[Round "1.46"]
[Result "0-1"]
[White "O`gorman, Tom"]
[Black "Nodirbek Yakubboev"]
[WhiteElo "2299"]
[BlackElo "2573"]
[PlyCount "74"]

1. d4 Nf6 2. c4 g6 3. Nc3 Bg7 4. e4 d6 5. Be2 O-O 6. Be3 Nc6 7. d5 Ne5 8.
f4 Neg4 9. Bd2 Nh6 10. Nf3 c6 11. Ng5 e6 12. dxe6 Bxe6 13. O-O Qb6+ 14. Kh1
Bg4 15. h3 Bxe2 16. Qxe2 Rfe8 17. Be3 Nf5 18. Bf2 Nh5 19. Qg4 Qxb2 20. exf5
Qxc3 21. fxg6 hxg6 22. Qd7 Qf6 23. Rae1 Rxe1 24. Rxe1 Qxf4 25. Be3 Ng3+ 26.
Kg1 Qxc4 27. Qxb7 Re8 28. Qd7 Rxe3 29. Qd8+ Bf8 30. Rxe3 Qc1+ 31. Kf2 Nh1+
32. Kf3 Qf1+ 33. Ke4 Nf2+ 34. Kd4 Qd1+ 35. Kc4 d5+ 36. Kc3 Qc1+ 37. Kd4
Qd2+ 0-1

[Event "World Rapid 2023"]
[Site "Samarkand UZB"]
[Date "2023.12.26"]
[EventDate "2023.12.26"]
[Round "1.47"]
[Result "1/2-1/2"]
[White "Andrey Gorovets"]
[Black "Eldiar Orozbaev"]
[WhiteElo "2563"]
[BlackElo "2294"]
[PlyCount "150"]

1. Nf3 c5 2. c4 Nc6 3. Nc3 g6 4. e3 Bg7 5. d4 d6 6. d5 Ne5 7. Nxe5 Bxe5 8.
e4 f5 9. Bd3 Nf6 10. exf5 Bxf5 11. Bxf5 gxf5 12. Ne2 Rg8 13. f4 Bd4 14.
Nxd4 cxd4 15. O-O b5 16. b3 bxc4 17. bxc4 Qb6 18. Qd3 Ne4 19. Rb1 Qa5 20.
Qxd4 Rc8 21. Rb2 Qa4 22. Be3 Rxc4 23. Qxa7 Qxa7 24. Bxa7 Kf7 25. Be3 Ra8
26. Rc1 Rxc1+ 27. Bxc1 Ra5 28. Kf1 Rxd5 29. Rc2 Rd1+ 30. Ke2 Rg1 31. g3 Rh1
32. Kd3 Rd1+ 33. Ke2 Rh1 34. Kd3 d5 35. Be3 Rd1+ 36. Ke2 Ra1 37. Bd4 Rh1
38. Kf3 Rd1 39. Ke3 Nd6 40. Bc5 Nc4+ 41. Ke2 Rh1 42. Kd3 e6 43. Kc3 Ke8 44.
Re2 Kd7 45. Bd4 Nd6 46. a4 Rd1 47. Be5 Ne4+ 48. Kc2 Rf1 49. Kb3 Nc5+ 50.
Kb4 Rc1 51. Kb5 Nd3 52. Bd4 Rb1+ 53. Ka5 Rb8 54. Be5 Rb7 55. Bd4 Nc1 56.
Rb2 Nb3+ 57. Ka6 Rb4 58. Be5 Nc5+ 59. Ka5 Rxb2 60. Bxb2 d4 61. Bxd4 Nb3+
62. Kb6 Nxd4 63. a5 Kc8 64. Kc5 Nf3 65. Kd6 Nxh2 66. Kxe6 Nf1 67. Kxf5
Nxg3+ 68. Kg5 Ne4+ 69. Kh6 Nf6 70. f5 Kb7 71. Kg7 Nd7 72. Kxh7 Ka6 73. Kg6
Kxa5 74. f6 Nxf6 75. Kxf6 1/2-1/2

[Event "World Rapid 2023"]
[Site "Samarkand UZB"]
[Date "2023.12.26"]
[EventDate "2023.12.26"]
[Round "1.48"]
[Result "1/2-1/2"]
[White "Akmal Fayzullaev"]
[Black "Manuel Petrosyan"]
[WhiteElo "2293"]
[BlackElo "2539"]
[PlyCount "130"]

1. e4 e5 2. Nf3 Nc6 3. Bb5 a6 4. Ba4 Nf6 5. d3 Bc5 6. Bxc6 dxc6 7. Be3 Bd6
8. Nc3 c5 9. h3 Be6 10. Qd2 h6 11. O-O-O Qe7 12. Kb1 O-O-O 13. Nh2 c4 14.
Qe1 Bb4 15. Nf3 cxd3 16. cxd3 Bd7 17. a3 Ba5 18. b4 Bb6 19. Bxb6 cxb6 20.
Qe3 Qe6 21. Kb2 Kb8 22. d4 exd4 23. Nxd4 Qe5 24. f4 Qe8 25. e5 Bc8 26. Nc2
Nd7 27. Rd6 Nf8 28. Qxb6 Ne6 29. Rhd1 Rxd6 30. Qxd6+ Ka7 31. f5 Nd8 32. g4
Nc6 33. Re1 Qd8 34. Ne4 Qb6 35. Qc5 Qxc5 36. Nxc5 Re8 37. Nd3 h5 38. Kc3
hxg4 39. hxg4 g6 40. Ne3 gxf5 41. Nxf5 Rg8 42. Re4 Rg5 43. Nd6 Be6 44. Rf4
Nxe5 45. Nxe5 Rxe5 46. Nxf7 Re3+ 47. Kd4 Rxa3 48. Ke5 Ba2 49. Nd6 Re3+ 50.
Kf5 Kb6 51. Nc4+ Bxc4 52. Rxc4 Kb5 53. Rf4 b6 54. g5 a5 55. bxa5 bxa5 56.
g6 Re8 57. g7 a4 58. Kg6 Rg8 59. Rf8 Rxg7+ 60. Kxg7 a3 61. Kf6 Kb4 62. Ra8
Kb3 63. Ke5 a2 64. Kd4 Kb2 65. Ke4 1/2-1/2

[Event "World Rapid 2023"]
[Site "Samarkand UZB"]
[Date "2023.12.26"]
[EventDate "2023.12.26"]
[Round "1.49"]
[Result "0-1"]
[White "Boris Savchenko"]
[Black "Daniyal Sapenov"]
[WhiteElo "2592"]
[BlackElo "2312"]
[PlyCount "90"]

1. d4 Nf6 2. Bf4 e6 3. e3 Be7 4. Bd3 O-O 5. Nd2 c5 6. c3 b6 7. h3 Ba6 8.
Bc2 Nc6 9. Ne2 Rc8 10. Nf3 d6 11. a3 Qc7 12. Bh2 Qb7 13. O-O Rfd8 14. Re1
Na5 15. Ng3 Nc4 16. Rb1 Bf8 17. Ng5 h6 18. N5e4 Nxe4 19. Nxe4 d5 20. Ng3 g6
21. Nf1 Bg7 22. h4 h5 23. g4 hxg4 24. Qxg4 e5 25. h5 gxh5 26. Qxh5 Rd6 27.
dxe5 Rh6 28. Qf5 Rg6+ 29. Kh1 Re8 30. e4 Rxe5 31. Bxe5 Nxe5 32. Nh2 d4 33.
cxd4 Nc6 34. Bb3 c4 35. Bd1 Nxd4 36. Qf4 Qe7 37. Bg4 Be5 38. Qe3 Bxh2 39.
Qh3 Bf4 40. Bh5 Rg5 41. f3 Qe5 42. Bg4 Rg6 43. Kg1 Rh6 44. Qg2 Rh2 45. Qf1
Be3+ 0-1